| 000 | 00733nam a2200277 a 4500 | ||
|---|---|---|---|
| 001 | 39596 | ||
| 003 | AR-BaAGN | ||
| 005 | 20231116150805.0 | ||
| 007 | ta | ||
| 008 | 220625s2006 ag |||||r|||| ||||||spa d | ||
| 020 | _a950-42-0072-9 | ||
| 040 |
_dAR-BaAGN _aAR-BaAGN _bspa _eaacr |
||
| 100 | 1 | _aCullen, Patricio | |
| 245 | 1 | 0 |
_aHacia el renacimiento educativo : _bla salida de la crisis educativa como oportunidad |
| 250 | _a1ª ed. | ||
| 260 |
_aBuenos Aires : _bUTN, _c2006. |
||
| 300 | _a111 páginas | ||
| 336 |
_2rdacontent _btxt |
||
| 337 |
_2rdamedia _bn |
||
| 338 |
_2rdacarrier _bnc |
||
| 650 | 4 |
_aPOLÍTICA _92164 |
|
| 650 | 4 |
_aEDUCACIÓN _91547 |
|
| 651 | 4 |
_aArgentina _93645 |
|
| 942 | _cLIBRO | ||
| 999 |
_c39596 _d39596 |
||